| 000 | 00373nam a2200145 4500 | ||
|---|---|---|---|
| 003 | IeDuTC | ||
| 005 | 20181127163321.0 | ||
| 008 | 010131s2001 enk 000 1 eng | ||
| 020 | _a0743415744 | ||
| 100 | 1 | _aMcClure, Ken. | |
| 245 | 1 | 0 |
_aDeception / _cKen McClure. |
| 260 |
_aLondon : _bPocket Books, _c2002. |
||
| 300 |
_a372 p.; _c18 cm. |
||
| 655 | 0 | 7 |
_aSuspense fiction. _2gsafd. |
| 999 |
_c1071 _d1071 |
||